000 00692cam a22002533a 4500
001 7377
003 PGUSA
005 20140828083144.0
008 050101s2005||||xxu|||||s|||||000 | eng d
040 _aPGUSA
_beng
042 _adc
050 4 _aBL
100 1 _aAbhedananda, Swami,
_d1866-1939
245 1 0 _aFive Lectures on Reincarnation
_h[electronic resource] /
_cSwami Abhedananda
260 _bProject Gutenberg,
_c2005
506 _aPublic domain in the USA.
516 _aElectronic text
653 _aVedanta
653 _aPhilosophy, Hindu
653 _aReincarnation
830 0 _aProject Gutenberg
_v7377
856 4 0 _uhttp://www.gutenberg.org/ebooks/7377
942 _cEB
999 _c236697
_d236697